[Event "Premiere Neige"]
[Site "Montreal CAN"]
[Date "2003.12.13"]
[Round "2"]
[White "McDonough, Jonathan"]
[Black "Bolduc, Steve"]
[Result "1/2-1/2"]
[WhiteElo "2076"]
[BlackElo "2360"]
[PlyCount "105"]
[EventDate "2003.12.12"]
[EventType "swiss"]
[EventRounds "5"]
[EventCountry "CAN"]

1. d4 f5 2. Nc3 d5 3. e4 dxe4 4. f3 Nf6 5. Bg5 e3 6. Bxe3 e6 7. a3 c6 8. Qd2
Bd6 9. Bc4 Nd5 10. Nge2 Nd7 11. Nxd5 exd5 12. Bd3 O-O 13. Bf4 Nf6 14. Bxd6 Qxd6
15. Qg5 h6 16. Qg6 Ne8 17. Qh5 Qf6 18. O-O-O Nd6 19. Rhe1 Bd7 20. Nf4 g5 21.
Qg6+ Kh8 22. Qxf6+ Rxf6 23. Re7 Rd8 24. Nh5 Re6 25. Rxe6 Bxe6 26. Re1 Bf7 27.
Ng3 f4 28. Nf5 Nxf5 29. Bxf5 Re8 30. Rxe8+ Bxe8 31. b4 Kg7 32. Kd2 Kf6 33. Bc8
b6 34. h3 Ke7 35. Bf5 Kd6 36. c3 c5 37. Bd3 h5 38. Be2 Bd7 39. Ke1 Bf5 40. Kd2
c4 41. Bd1 a5 42. b5 Ke7 43. Bc2 Bd7 44. a4 Kf6 45. Ke2 g4 46. hxg4 hxg4 47.
Kf2 Kg5 48. Kg1 gxf3 49. gxf3 Be6 50. Bh7 Bf7 51. Kg2 Be6 52. Kh2 Kh4 53. Bg6
1/2-1/2

[Event "Premiere Neige"]
[Site "Montreal CAN"]
[Date "2003.12.13"]
[Round "2"]
[White "Sullivan, Neil"]
[Black "Rivest, Jean-Michel"]
[Result "1-0"]
[WhiteElo "2056"]
[BlackElo "1879"]
[PlyCount "43"]
[EventDate "2003.12.12"]
[EventType "swiss"]
[EventRounds "5"]
[EventCountry "CAN"]

1. e4 c5 2. Nc3 Nc6 3. Bc4 g6 4. d3 Bg7 5. Be3 Nd4 6. Nce2 Nxe2 7. Nxe2 d6 8.
c3 Nf6 9. Qd2 O-O 10. Bh6 Bd7 11. Bxg7 Kxg7 12. O-O b5 13. Bb3 Qc7 14. f4 e6
15. f5 exf5 16. exf5 Ng4 17. Qg5 Nf6 18. Nf4 Qd8 19. fxg6 hxg6 20. Bxf7 Rxf7
21. Qxg6+ Kh8 22. Qxf7 1-0

[Event "Premiere Neige"]
[Site "Montreal CAN"]
[Date "2003.12.13"]
[Round "3"]
[White "Bolduc, Steve"]
[Black "Mikanovic, Goran"]
[Result "0-1"]
[WhiteElo "2360"]
[BlackElo "2281"]
[PlyCount "104"]
[EventDate "2003.12.12"]
[EventType "swiss"]
[EventRounds "5"]
[EventCountry "CAN"]

1. d4 Nf6 2. c4 e6 3. Nc3 Bb4 4. e3 O-O 5. Bd3 c5 6. Nf3 d5 7. O-O cxd4 8. exd4
dxc4 9. Bxc4 Nbd7 10. a3 Bxc3 11. bxc3 Qc7 12. Qd3 b6 13. Bg5 Bb7 14. Ba2 b5
15. Rac1 Qa5 16. Rfe1 Qxa3 17. Bb1 Bxf3 18. Qxf3 Rfc8 19. Bd3 a6 20. g4 Qf8 21.
h4 Nd5 22. Bd2 Qd6 23. h5 Nf8 24. g5 Ra7 25. h6 g6 26. Be4 f5 27. gxf6 Rf7 28.
Bg5 Nd7 29. Qd3 Rcf8 30. Bg2 N7xf6 31. Qh3 Nf4 32. Bxf4 Qxf4 33. Qxe6 Ng4 34.
Rc2 Kh8 35. Ree2 Rf6 36. Qd7 Qh2+ 37. Kf1 Nxh6 38. Re8 Nf5 39. f3 Ng3+ 40. Ke1
Qg1+ 41. Kd2 Qxg2+ 42. Kc1 Qxf3 43. Kb2 Nh5 44. Rce2 Qf5 45. Qb7 Rxe8 46. Rxe8+
Rf8 47. Re7 g5 48. d5 Nf4 49. d6 Nd3+ 50. Ka3 Qc5+ 51. Kb3 Qc4+ 52. Kc2 Rf2+
0-1

[Event "Premiere Neige"]
[Site "Montreal CAN"]
[Date "2003.12.13"]
[Round "3"]
[White "Libersan, Thierry"]
[Black "Sullivan, Neil"]
[Result "0-1"]
[WhiteElo "1938"]
[BlackElo "2056"]
[PlyCount "56"]
[EventDate "2003.12.12"]
[EventType "swiss"]
[EventRounds "5"]
[EventCountry "CAN"]

1. e4 c5 2. Nf3 Nc6 3. d4 cxd4 4. Nxd4 g6 5. c4 d6 6. Nc3 Nf6 7. Be2 Nxd4 8.
Qxd4 Bg7 9. Be3 O-O 10. Qd2 Qa5 11. O-O Be6 12. Rac1 Rfc8 13. b3 a6 14. f3 b5
15. cxb5 axb5 16. Rfd1 b4 17. Na4 Nd7 18. f4 Nc5 19. Rxc5 dxc5 20. Rc1 c4 21.
f5 cxb3 22. fxe6 Qxa4 23. exf7+ Kf8 24. axb3 Qxb3 25. Rxc8+ Rxc8 26. Bh6 Qc3
27. Qf4 Qd4+ 28. Kf1 Qb6 0-1

[Event "Premiere Neige"]
[Site "Montreal CAN"]
[Date "2003.12.13"]
[Round "3"]
[White "Ramaswamy, Kishor"]
[Black "Blais, Richard"]
[Result "1-0"]
[WhiteElo "2118"]
[BlackElo "1745"]
[PlyCount "35"]
[EventDate "2003.12.12"]
[EventType "swiss"]
[EventRounds "5"]
[EventCountry "CAN"]

1. d4 f5 2. Nc3 Nf6 3. Bg5 g6 4. Bxf6 exf6 5. e3 d5 6. Bd3 Bg7 7. Nge2 Be6 8.
Nf4 Bf7 9. Qf3 c6 10. h4 Qb6 11. O-O-O Nd7 12. h5 Qc7 13. Qg3 Bh6 14. hxg6 hxg6
15. Rh3 O-O-O 16. Nxg6 Bxg6 17. Qxg6 Rdg8 18. Rxh6 1-0

[Event "Premiere Neige"]
[Site "Montreal CAN"]
[Date "2003.12.14"]
[Round "4"]
[White "Blais, Richard"]
[Black "Libersan, Thierry"]
[Result "1/2-1/2"]
[WhiteElo "1745"]
[BlackElo "1938"]
[PlyCount "64"]
[EventDate "2003.12.12"]
[EventType "swiss"]
[EventRounds "5"]
[EventCountry "CAN"]

1. e4 d6 2. d4 Nf6 3. Nc3 e5 4. dxe5 dxe5 5. Qxd8+ Kxd8 6. Nf3 Nbd7 7. Ng5 Ke8
8. Bc4 Bb4 9. O-O Rf8 10. Nd5 Bd6 11. Re1 h6 12. Nf3 c6 13. Nc3 b5 14. Bf1 Kd8
15. Rd1 Kc7 16. Bxb5 Bb4 17. Bd3 Bxc3 18. bxc3 Rd8 19. Ba3 c5 20. Rab1 Bb7 21.
Nd2 c4 22. Bxc4 Bxe4 23. Nxe4 Nxe4 24. Bb4 a5 25. Bd5 axb4 26. Bxe4 Rxa2 27.
cxb4 Nf6 28. Bd3 e4 29. Bc4 Rxd1+ 30. Rxd1 Rxc2 31. Bxf7 Rb2 32. h3 Rxb4
1/2-1/2

[Event "Premiere Neige"]
[Site "Montreal CAN"]
[Date "2003.12.14"]
[Round "4"]
[White "Cloutier, Mathieu"]
[Black "Rivest, Jean-Michel"]
[Result "1/2-1/2"]
[WhiteElo "1891"]
[BlackElo "1879"]
[PlyCount "78"]
[EventDate "2003.12.12"]
[EventType "swiss"]
[EventRounds "5"]
[EventCountry "CAN"]

1. e4 c5 2. Nf3 Nc6 3. d4 cxd4 4. Nxd4 Nf6 5. Nc3 e5 6. Ndb5 d6 7. Bg5 a6 8.
Na3 b5 9. Bxf6 gxf6 10. Nd5 f5 11. f3 fxe4 12. g3 exf3 13. Qxf3 Qa5+ 14. c3 Bb7
15. Nf6+ Kd8 16. Qh5 Nd4 17. Qxf7 Be7 18. Nd5 Re8 19. O-O-O b4 20. Nxe7 bxa3
21. cxd4 axb2+ 22. Kb1 Bxh1 23. Bd3 Rxe7 24. Qf8+ Re8 25. Qxd6+ Kc8 26. Rxh1
Qc7 27. Bxa6+ Kb8 28. Qb4+ Ka7 29. Bb5 Rec8 30. Qxb2 exd4 31. Qxd4+ Qc5 32. Qb2
Rab8 33. a4 Qf5+ 34. Ka1 Rc2 35. Qb4 Qd5 36. Qa5+ Kb7 37. Ba6+ Kc6 38. Bb5+ Kb7
39. Ba6+ Kc6 1/2-1/2

[Event "Premiere Neige"]
[Site "Montreal CAN"]
[Date "2003.12.14"]
[Round "4"]
[White "Ramaswamy, Kishor"]
[Black "Bolduc, Steve"]
[Result "0-1"]
[WhiteElo "2118"]
[BlackElo "2369"]
[PlyCount "60"]
[EventDate "2003.12.12"]
[EventType "swiss"]
[EventRounds "5"]
[EventCountry "CAN"]

1. d4 f5 2. Bg5 g6 3. Nc3 d5 4. e3 Bg7 5. Bd3 Nh6 6. Bxh6 Bxh6 7. Nce2 Qd6 8.
c3 e5 9. dxe5 Qxe5 10. Nf3 Qe7 11. Bc2 c6 12. Qd4 Bg7 13. Qd2 Nd7 14. O-O-O Nc5
15. Ng3 Bd7 16. h4 O-O-O 17. Nd4 Ne4 18. Nxe4 fxe4 19. Ne2 Bg4 20. Rdf1 Rhf8
21. Nf4 Be5 22. Bd1 Bf5 23. g3 Kb8 24. Rh2 Rd6 25. Be2 Rfd8 26. Rd1 Qf7 27.
Rhh1 c5 28. a3 d4 29. exd4 cxd4 30. cxd4 Rc6+ 0-1

[Event "Premiere Neige"]
[Site "Montreal CAN"]
[Date "2003.12.14"]
[Round "4"]
[White "Singher, Jean-Pierre"]
[Black "Paduano, Gennaro"]
[Result "0-1"]
[WhiteElo "1960"]
[BlackElo "1936"]
[PlyCount "33"]
[EventDate "2003.12.12"]
[EventType "swiss"]
[EventRounds "5"]
[EventCountry "CAN"]

1. d4 Nf6 2. Nf3 d5 3. c4 c6 4. Nc3 g6 5. g3 Bg7 6. Bg2 O-O 7. O-O dxc4 8. Ne5
Be6 9. Bg5 Nd5 10. Nxd5 cxd5 11. Nxc4 dxc4 12. Bxb7 Nd7 13. d5 Bh3 14. d6 Nf6
15. Bxf6 Bxf6 16. Qd5 Bxf1 17. dxe7 0-1

[Event "Premiere Neige"]
[Site "Montreal CAN"]
[Date "2003.12.14"]
[Round "4"]
[White "Sullivan, Neil"]
[Black "Dupuis, Stephane"]
[Result "0-1"]
[WhiteElo "2056"]
[BlackElo "2151"]
[PlyCount "56"]
[EventDate "2003.12.12"]
[EventType "swiss"]
[EventRounds "5"]
[EventCountry "CAN"]

1. e4 d6 2. d4 Nf6 3. Nc3 g6 4. Be3 Bg7 5. Qd2 Ng4 6. Bg5 f6 7. Bh4 O-O 8. f3
Nh6 9. Bc4+ Kh8 10. g4 Nc6 11. Nge2 Nf7 12. Bf2 Nfe5 13. dxe5 Nxe5 14. O-O-O
Nxc4 15. Qf4 c6 16. h4 Qa5 17. Rd3 Qe5 18. h5 Qxf4+ 19. Nxf4 Bh6 20. Nce2 Kg7
21. Kb1 Ne5 22. Rc3 Nf7 23. Be3 e5 24. Ng2 Bxe3 25. Nxe3 Be6 26. f4 exf4 27.
Nxf4 Rad8 28. Rd1 Bc8 0-1

[Event "Premiere Neige"]
[Site "Montreal CAN"]
[Date "2003.12.14"]
[Round "5"]
[White "Libersan, Thierry"]
[Black "Ramaswamy, Kishor"]
[Result "0-1"]
[WhiteElo "1938"]
[BlackElo "2118"]
[PlyCount "94"]
[EventDate "2003.12.12"]
[EventType "swiss"]
[EventRounds "5"]
[EventCountry "CAN"]

1. e4 c6 2. d4 d5 3. Nc3 dxe4 4. Nxe4 Bf5 5. Ng3 Bg6 6. Nf3 Nd7 7. h4 h6 8. h5
Bh7 9. Bd3 Bxd3 10. Qxd3 Ngf6 11. Bf4 Qa5+ 12. Bd2 Qc7 13. O-O-O e6 14. Ne4
Nxe4 15. Qxe4 Nf6 16. Qe2 O-O-O 17. Kb1 Bd6 18. c4 c5 19. Be3 cxd4 20. Nxd4 a6
21. c5 Bf4 22. c6 Bxe3 23. cxb7+ Kxb7 24. fxe3 Qe5 25. Qc4 Rc8 26. Qb4+ Ka7 27.
Rc1 Qe4+ 28. Ka1 Qb7 29. Qa4 Rxc1+ 30. Rxc1 Rc8 31. Rc6 Rxc6 32. Nxc6+ Kb6 33.
Ne5 Qxg2 34. Qb4+ Ka7 35. Qe7+ Qb7 36. Qc5+ Ka8 37. Nc6 Nd7 38. Qd6 Nb8 39.
Qxb8+ Qxb8 40. Nxb8 Kxb8 41. Kb1 g5 42. Kc2 Kc7 43. Kd3 Kd6 44. b4 f5 45. e4 f4
46. Ke2 g4 47. a4 Ke5 0-1

[Event "Premiere Neige"]
[Site "Montreal CAN"]
[Date "2003.12.14"]
[Round "5"]
[White "Paduano, Gennaro"]
[Black "McDonough, Jonathan"]
[Result "1/2-1/2"]
[WhiteElo "1936"]
[BlackElo "2076"]
[PlyCount "51"]
[EventDate "2003.12.12"]
[EventType "swiss"]
[EventRounds "5"]
[EventCountry "CAN"]

1. d4 e6 2. c4 d5 3. Nc3 Be7 4. Nf3 Nf6 5. g3 O-O 6. Bg2 dxc4 7. O-O c5 8. dxc5
Qc7 9. Bf4 Qxc5 10. Qc2 Nc6 11. Ne4 Nxe4 12. Qxe4 f5 13. Qe3 Qxe3 14. Bxe3 Bd7
15. Rfd1 Rad8 16. Nd4 Nxd4 17. Rxd4 b5 18. Rad1 Bc8 19. Rxd8 Rxd8 20. Rxd8+
Bxd8 21. Bxa7 Bf6 22. b3 Bd7 23. Kf1 c3 24. Ke1 e5 25. Bd5+ Kf8 26. b4 1/2-1/2

[Event "Premiere Neige"]
[Site "Montreal CAN"]
[Date "2003.12.14"]
[Round "5"]
[White "Prahov, Valentin"]
[Black "Sullivan, Neil"]
[Result "0-1"]
[WhiteElo "2211"]
[BlackElo "2056"]
[PlyCount "92"]
[EventDate "2003.12.12"]
[EventType "swiss"]
[EventRounds "5"]
[EventCountry "CAN"]

1. e4 c5 2. Nf3 Nc6 3. d4 cxd4 4. Nxd4 g6 5. Be3 Nf6 6. Nc3 Bg7 7. Bc4 O-O 8.
O-O Qa5 9. Bb3 d6 10. f3 Bd7 11. Qd2 Rfc8 12. Rad1 a6 13. Qf2 Ne5 14. Bd5 Qc7
15. Nde2 Bc6 16. Bb6 Qd7 17. Bb3 Bb5 18. Nxb5 axb5 19. Be3 Nc4 20. Bc1 Qc6 21.
c3 Qc5 22. a3 Rc7 23. Nd4 d5 24. exd5 Nxd5 25. f4 e6 26. h3 Re8 27. Rfe1 Rce7
28. Nf3 Qc7 29. g3 Rd8 30. g4 Red7 31. Nd4 Qc5 32. f5 exf5 33. gxf5 Rf8 34. Bg5
h6 35. Bc1 Kh7 36. Bc2 Bf6 37. fxg6+ fxg6 38. Bxg6+ Kh8 39. Kh1 Bg5 40. Qg3 Rg8
41. Bxg5 Rxg6 42. Ne6 Qc6 43. Nd4 Qc8 44. Qh4 Qg8 45. Bc1 Nde3 46. Bxe3 Qd5+
0-1

[Event "Printemps"]
[Site "Montreal CAN"]
[Date "2003.04.26"]
[Round "2"]
[White "Bolduc, Steve"]
[Black "Blais, Richard"]
[Result "1-0"]
[WhiteElo "2300"]
[BlackElo "1732"]
[PlyCount "97"]
[EventDate "2003.04.25"]
[EventType "swiss"]
[EventRounds "5"]
[EventCountry "CAN"]

1. d4 f5 2. g3 Nf6 3. Bg2 e6 4. Nf3 Be7 5. c4 O-O 6. O-O d6 7. Nc3 Ne4 8. Qc2
Nxc3 9. bxc3 c5 10. Rd1 Nd7 11. e4 Qc7 12. Be3 fxe4 13. Qxe4 Nf6 14. Qc2 e5 15.
Ng5 Rb8 16. Bd5+ Kh8 17. Ne6 Bxe6 18. Bxe6 b5 19. dxc5 dxc5 20. cxb5 Rxb5 21.
Rab1 Rfb8 22. Rxb5 Rxb5 23. Bc4 Rb6 24. h3 Rd6 25. Rxd6 Bxd6 26. Kh2 h6 27. Qg6
Qe7 28. a4 Qe8 29. Bf7 Qe7 30. a5 Bc7 31. a6 Bd6 32. Bc4 Qe8 33. Qb1 g5 34. Qb7
Qe7 35. Qa8+ Kg7 36. Kg2 Qc7 37. Qb7 Qe7 38. Kf1 Qxb7 39. axb7 Nd7 40. Ke2 Kf6
41. Kd3 Kf5 42. Bd5 h5 43. Be4+ Kf6 44. Kc4 h4 45. Kd5 Bb8 46. g4 Nf8 47. Bf5
Ng6 48. Bxg6 Kxg6 49. Bxc5 1-0

[Event "Printemps"]
[Site "Montreal CAN"]
[Date "2003.04.26"]
[Round "3"]
[White "Arsenault, Nicolas"]
[Black "Bolduc, Steve"]
[Result "0-1"]
[WhiteElo "2037"]
[BlackElo "2300"]
[PlyCount "59"]
[EventDate "2003.04.25"]
[EventType "swiss"]
[EventRounds "5"]
[EventCountry "CAN"]

1. e4 c5 2. Nf3 Nc6 3. d4 cxd4 4. Nxd4 g6 5. Nc3 Bg7 6. Be3 Nf6 7. Bc4 Qa5 8.
O-O O-O 9. Bb3 a6 10. f3 b5 11. Qd2 Qc7 12. Rfe1 Na5 13. Nd5 Nxd5 14. exd5 Bb7
15. c3 Nc4 16. Bxc4 Qxc4 17. d6 exd6 18. Nb3 Rfe8 19. Na5 Qc7 20. Nxb7 Qxb7 21.
Bf2 Qc6 22. Bd4 Re6 23. Bxg7 Kxg7 24. Rad1 Qc5+ 25. Qd4+ Qxd4+ 26. cxd4 Rc8 27.
Rf1 Rc2 28. Rf2 Ree2 29. Rxe2 Rxe2 30. Rd3 0-1

[Event "Printemps"]
[Site "Montreal CAN"]
[Date "2003.04.27"]
[Round "4"]
[White "Bolduc, Steve"]
[Black "Fernandez, Lautaro"]
[Result "1-0"]
[WhiteElo "2300"]
[BlackElo "2106"]
[PlyCount "75"]
[EventDate "2003.04.25"]
[EventType "swiss"]
[EventRounds "5"]
[EventCountry "CAN"]

1. d4 Nf6 2. c4 e6 3. Nf3 b6 4. g3 Ba6 5. b3 Bb4+ 6. Bd2 Be7 7. Bg2 c6 8. Qc2
d5 9. O-O O-O 10. Rd1 Nbd7 11. Be1 Qb8 12. Nbd2 b5 13. Rab1 Rc8 14. e4 e5 15.
Bh3 Rd8 16. exd5 cxd5 17. c5 e4 18. Nh4 b4 19. Bf1 Bxf1 20. Nxf1 a5 21. a3 Qb5
22. axb4 axb4 23. Qd2 Rdb8 24. Ne3 g6 25. Nhg2 Bxc5 26. dxc5 Ne5 27. Kh1 Nf3
28. Qb2 d4 29. Rxd4 Nxd4 30. Qxd4 Qd3 31. Qb2 Nd7 32. c6 Ne5 33. Rd1 Qb5 34.
Rd5 Nd3 35. Rxb5 Nxb2 36. Rxb8+ Rxb8 37. c7 Ra8 38. Nd5 1-0

[Event "Quebec op"]
[Site "Montreal CAN"]
[Date "2003.07.12"]
[Round "1"]
[White "Caceres Cortes, Julio"]
[Black "Bolduc, Steve"]
[Result "1/2-1/2"]
[WhiteElo "2100"]
[BlackElo "2275"]
[PlyCount "45"]
[EventDate "2003.07.12"]
[EventType "swiss"]
[EventRounds "9"]
[EventCountry "CAN"]

1. Nf3 Nf6 2. d4 c5 3. d5 b5 4. c4 g6 5. cxb5 a6 6. b6 d6 7. Nc3 Bg7 8. e4 O-O
9. Bd3 Qxb6 10. O-O a5 11. Bg5 Bg4 12. h3 Bxf3 13. Qxf3 Qxb2 14. Nb5 Nbd7 15.
Rab1 Qe5 16. Qe3 c4 17. Bc2 Nc5 18. f4 Nxd5 19. fxe5 Nxe3 20. Bxe3 Bxe5 21. Bg5
f6 22. Bh6 Rfc8 23. Bd2 1/2-1/2

[Event "Quebec op"]
[Site "Montreal CAN"]
[Date "2003.07.12"]
[Round "1"]
[White "Fernandez, Lautaro"]
[Black "Hua, Lefong"]
[Result "1/2-1/2"]
[WhiteElo "2113"]
[BlackElo "2329"]
[PlyCount "70"]
[EventDate "2003.07.12"]
[EventType "swiss"]
[EventRounds "9"]
[EventCountry "CAN"]

1. e4 c5 2. Nf3 d6 3. d4 cxd4 4. Nxd4 Nf6 5. Nc3 g6 6. Be3 Bg7 7. f3 Nc6 8. Qd2
O-O 9. Bc4 Bd7 10. O-O-O Rc8 11. Bb3 Ne5 12. h4 h5 13. Bg5 Rc5 14. Kb1 Re8 15.
g4 hxg4 16. f4 Nc4 17. Qe2 Qc8 18. Bxf6 Bxf6 19. h5 gxh5 20. f5 Ne5 21. Nd5
Rxd5 22. Bxd5 h4 23. Rdg1 e6 24. fxe6 fxe6 25. Bb3 Kg7 26. Nf3 Nxf3 27. Qxf3 e5
28. Rxg4+ Bxg4 29. Rg1 Bg5 30. Rxg4 Kh6 31. Bf7 Rh8 32. Qg2 Qd8 33. Rxh4+ Kg7
34. Rxh8 Kxh8 35. Qf3 Qf6 1/2-1/2

[Event "Quebec op"]
[Site "Montreal CAN"]
[Date "2003.07.12"]
[Round "1"]
[White "Fillion, Steve"]
[Black "Mikhalevski, Alexander"]
[Result "0-1"]
[WhiteElo "2150"]
[BlackElo "2439"]
[PlyCount "52"]
[EventDate "2003.07.12"]
[EventType "swiss"]
[EventRounds "9"]
[EventCountry "CAN"]

1. d4 d5 2. Nf3 Nf6 3. Bf4 e6 4. e3 c5 5. c3 Nc6 6. Nbd2 Bd6 7. Ne5 Qc7 8. Ndf3
O-O 9. Bd3 Ne4 10. Nxc6 Bxf4 11. exf4 bxc6 12. g3 cxd4 13. Nxd4 c5 14. Nc2 Qb6
15. Bxe4 dxe4 16. b3 Ba6 17. c4 Rad8 18. Qb1 Qa5+ 19. Kf1 e3 20. Nxe3 Bb7 21.
Rg1 Rd2 22. a3 Qc3 23. b4 Rfd8 24. bxc5 Rxf2+ 25. Kxf2 Rd2+ 26. Kf1 Qxe3 0-1

[Event "Quebec op"]
[Site "Montreal CAN"]
[Date "2003.07.12"]
[Round "1"]
[White "Laptos, Kris"]
[Black "Roy, Guy"]
[Result "1-0"]
[WhiteElo "2277"]
[BlackElo "2107"]
[PlyCount "42"]
[EventDate "2003.07.12"]
[EventType "swiss"]
[EventRounds "9"]
[EventCountry "CAN"]

1. c4 e5 2. Nc3 Nc6 3. a3 Nf6 4. Qc2 d6 5. e3 a5 6. Nf3 Bg4 7. Be2 Be7 8. h3
Bh5 9. Nd5 Bg6 10. d3 Nb8 11. Bd2 c6 12. Nxe7 Qxe7 13. Nh4 Nbd7 14. Nxg6 hxg6
15. O-O g5 16. b4 a4 17. Rfc1 Qe6 18. Qd1 g4 19. Bxg4 Nxg4 20. Qxg4 f5 21. Qe2
O-O-O 1-0

[Event "Quebec op"]
[Site "Montreal CAN"]
[Date "2003.07.12"]
[Round "1"]
[White "Laurain, Guy"]
[Black "Bouchard, Jean-Marc"]
[Result "1-0"]
[WhiteElo "2079"]
[BlackElo "1973"]
[PlyCount "57"]
[EventDate "2003.07.12"]
[EventType "swiss"]
[EventRounds "9"]
[EventCountry "CAN"]

1. e4 e6 2. d4 d5 3. Nc3 Nf6 4. e5 Nfd7 5. f4 c5 6. Nf3 cxd4 7. Nxd4 Nc6 8. Be3
Bb4 9. Qd2 Nc5 10. Bd3 Nxd3+ 11. cxd3 f6 12. a3 Be7 13. O-O fxe5 14. fxe5 Nxe5
15. Qe2 Nf7 16. Rxf7 Kxf7 17. Qh5+ Kg8 18. Rf1 Bf6 19. Ndb5 h6 20. Nd6 Qxd6 21.
Rxf6 Qe7 22. Rg6 Bd7 23. Qe5 Qf7 24. Rg3 Rf8 25. Rf3 Qg6 26. Rxf8+ Kxf8 27.
Qd6+ Ke8 28. Nxd5 exd5 29. Qxg6+ 1-0

[Event "Quebec op"]
[Site "Montreal CAN"]
[Date "2003.07.12"]
[Round "1"]
[White "Luksza, Arkadiusz"]
[Black "Nogueiras, Jesus"]
[Result "1/2-1/2"]
[WhiteElo "2211"]
[BlackElo "2565"]
[PlyCount "49"]
[EventDate "2003.07.12"]
[EventType "swiss"]
[EventRounds "9"]
[EventCountry "CAN"]

1. c4 e6 2. Nf3 b6 3. g3 Bb7 4. Bg2 Nf6 5. O-O Be7 6. Nc3 O-O 7. d4 d6 8. d5 e5
9. Nh4 g6 10. e4 Ne8 11. Nf3 Nd7 12. Ne1 Ng7 13. Nd3 f5 14. Bh6 Rf7 15. f3 Nc5
16. Qe2 Bf6 17. Rab1 a5 18. Nxc5 bxc5 19. Bd2 f4 20. Bh3 fxg3 21. hxg3 Bc8 22.
Bxc8 Rxc8 23. Kg2 Nh5 24. Nd1 Bg5 25. Nf2 1/2-1/2

[Event "Quebec op"]
[Site "Montreal CAN"]
[Date "2003.07.13"]
[Round "1"]
[White "Mikhalevski, Victor"]
[Black "Rek, Slava"]
[Result "1-0"]
[WhiteElo "2523"]
[BlackElo "2367"]
[PlyCount "57"]
[EventDate "2003.07.12"]
[EventType "swiss"]
[EventRounds "9"]
[EventCountry "CAN"]

1. d4 d5 2. c4 dxc4 3. Nf3 Nf6 4. e3 Bg4 5. Bxc4 e6 6. Nc3 a6 7. h3 Bh5 8. g4
Bg6 9. Ne5 Nbd7 10. Nxg6 hxg6 11. g5 Ng8 12. e4 c5 13. d5 Nb6 14. Bb3 c4 15.
dxe6 fxe6 16. Qxd8+ Rxd8 17. Be3 cxb3 18. Bxb6 Rd3 19. axb3 Rdxh3 20. Rxh3 Rxh3
21. O-O-O Be7 22. f4 Rf3 23. Bc7 b5 24. Kc2 Re3 25. e5 b4 26. Na4 Re4 27. Rf1
Rd4 28. Bb6 Rd5 29. Be3 1-0

[Event "Quebec op"]
[Site "Montreal CAN"]
[Date "2003.07.12"]
[Round "1"]
[White "Pruess, David"]
[Black "Audet-Bouchard, Nicolas"]
[Result "0-1"]
[WhiteElo "2399"]
[BlackElo "2134"]
[PlyCount "74"]
[EventDate "2003.07.12"]
[EventType "swiss"]
[EventRounds "9"]
[EventCountry "CAN"]

1. d4 Nf6 2. c4 e6 3. Nf3 c5 4. e3 cxd4 5. exd4 d5 6. cxd5 exd5 7. Bd3 Bb4+ 8.
Bd2 Qe7+ 9. Ne5 Nc6 10. O-O O-O 11. Re1 Qd6 12. Bc3 Re8 13. f4 Ne4 14. Bxe4
dxe4 15. Rxe4 Bf5 16. Re2 Bxc3 17. bxc3 f6 18. Qb3+ Be6 19. Nc4 Qxf4 20. Nbd2
Nxd4 21. cxd4 Qxd4+ 22. Qe3 Qxa1+ 23. Re1 Qxa2 24. Nd6 Bf7 25. Nxe8 Rxe8 26.
Qf2 Rxe1+ 27. Qxe1 Qe6 28. Qg3 Qc8 29. h4 a5 30. Ne4 Kh8 31. Qf4 Qd8 32. g4 Bc4
33. g5 Qd4+ 34. Kg2 Qe5 35. Qxe5 fxe5 36. Kf2 a4 37. Nd2 a3 0-1

[Event "Quebec op"]
[Site "Montreal CAN"]
[Date "2003.07.12"]
[Round "1"]
[White "Saint Amand, Paul"]
[Black "Falardeau, Bruno"]
[Result "1/2-1/2"]
[WhiteElo "2088"]
[BlackElo "1983"]
[PlyCount "114"]
[EventDate "2003.07.12"]
[EventType "swiss"]
[EventRounds "9"]
[EventCountry "CAN"]

1. e4 e6 2. d4 d5 3. e5 c5 4. c3 Nc6 5. Nf3 Qb6 6. a3 Nh6 7. b4 cxd4 8. cxd4
Nf5 9. Bb2 Bd7 10. g4 Nfe7 11. Nc3 Rc8 12. Na4 Qd8 13. Nc5 Qb6 14. Na4 Qd8 15.
Rc1 Ng6 16. Nc5 Bxc5 17. dxc5 Nh4 18. Nxh4 Qxh4 19. Be2 h5 20. gxh5 Nxe5 21.
O-O Nc4 22. Ba1 Bc6 23. Rc3 Rh6 24. Rg3 g6 25. Bg7 Rh7 26. h6 Rxh6 27. Bxh6
Qxh6 28. Qc1 Qh4 29. Re1 Bb5 30. Qc3 Ke7 31. Rh3 Qg5+ 32. Qg3 Qd2 33. Qc3 Qg5+
34. Rg3 Qh4 35. Rg4 Qh6 36. Bxc4 Bxc4 37. Qg3 Qd2 38. Qe3 Qxe3 39. Rxe3 a5 40.
Rd4 a4 41. f4 Kf6 42. Rg3 Rh8 43. Kg2 Rc8 44. Rd2 Rh8 45. Kf3 Kf5 46. Rg5+ Kf6
47. Ke3 Rh4 48. Rdg2 Bf1 49. Rf2 Bc4 50. Kf3 Rh3+ 51. Rg3 Rh5 52. Rb2 Bb5 53.
Kg4 Rh8 54. Rd2 Rd8 55. Rd4 Be2+ 56. Kh3 Bf1+ 57. Kg4 Be2+ 1/2-1/2

[Event "Quebec op"]
[Site "Montreal CAN"]
[Date "2003.07.12"]
[Round "1"]
[White "Singher, Jean-Pierre"]
[Black "Poulin, Maurice"]
[Result "1-0"]
[WhiteElo "1972"]
[BlackElo "2077"]
[PlyCount "51"]
[EventDate "2003.07.12"]
[EventType "swiss"]
[EventRounds "9"]
[EventCountry "CAN"]

1. d4 g6 2. g3 Bg7 3. Bg2 d6 4. Nf3 Nc6 5. O-O e5 6. d5 Nce7 7. c4 h6 8. Nc3 f5
9. c5 g5 10. cxd6 cxd6 11. e4 f4 12. gxf4 exf4 13. e5 dxe5 14. d6 Nc6 15. Re1
Kf8 16. b3 g4 17. Nh4 Qxh4 18. d7 Nge7 19. Bxc6 Nxc6 20. Ba3+ Kf7 21. Qd5+ Kg6
22. Qe4+ Kg5 23. Rad1 Rd8 24. Qh7 Kf6 25. Ne4+ Kf7 26. Nd6+ 1-0

[Event "Quebec op"]
[Site "Montreal CAN"]
[Date "2003.07.12"]
[Round "1"]
[White "Trahan, Daniel"]
[Black "Abreu Cordero, Jose"]
[Result "1/2-1/2"]
[WhiteElo "1982"]
[BlackElo "2079"]
[PlyCount "81"]
[EventDate "2003.07.12"]
[EventType "swiss"]
[EventRounds "9"]
[EventCountry "CAN"]

1. d4 Nf6 2. c4 e6 3. Nf3 Bb4+ 4. Bd2 Be7 5. Nc3 d5 6. e3 c6 7. Qc2 Nbd7 8. Be2
a6 9. a4 Bb4 10. O-O a5 11. Na2 Bxd2 12. Nxd2 O-O 13. Nc3 Re8 14. Rad1 Qe7 15.
Nf3 h6 16. b3 Rd8 17. Rfe1 Nf8 18. e4 dxe4 19. Nxe4 Nxe4 20. Qxe4 Qb4 21. Rd3
Nd7 22. Red1 Nf6 23. Qf4 Bd7 24. Ne5 Be8 25. g4 Nh7 26. Re3 Qd6 27. Bd3 Nf8 28.
Qg3 b6 29. h4 g6 30. g5 h5 31. Be4 Rac8 32. Red3 Kg7 33. Qf3 Nh7 34. Qe3 Qb8
35. Bg2 Kg8 36. Nf3 Nf8 37. Ne5 Qc7 38. Qe4 Kg7 39. Qf3 Kg8 40. Qe4 Kg7 41. Qf3
1/2-1/2

[Event "Quebec op"]
[Site "Montreal CAN"]
[Date "2003.07.12"]
[Round "1"]
[White "Vallieres, Mario"]
[Black "Beaulieu, Eric"]
[Result "0-1"]
[WhiteElo "2090"]
[BlackElo "2232"]
[PlyCount "88"]
[EventDate "2003.07.12"]
[EventType "swiss"]
[EventRounds "9"]
[EventCountry "CAN"]

1. d4 Nf6 2. Nc3 e6 3. e4 d5 4. Bg5 Be7 5. e5 Nfd7 6. Bxe7 Qxe7 7. f4 Nc6 8.
Nf3 Nb6 9. a3 Bd7 10. Bd3 O-O-O 11. Qe2 Na5 12. b4 Nac4 13. O-O Nb2 14. Rfb1
N2a4 15. Nd1 h6 16. b5 g5 17. fxg5 hxg5 18. g4 f5 19. exf6 Qxf6 20. Ne5 Rh4 21.
Qf2 Qg7 22. Ne3 Rf8 23. Qd2 Rf4 24. c3 Qh6 25. Nf1 Nc4 26. Bxc4 dxc4 27. Ne3
Nxc3 28. Qxc3 Rxh2 29. Nf1 Rh1+ 30. Kg2 Bxb5 31. Qg3 Ba4 32. Ne3 Rh4 33. N3xc4
Bc2 34. Re1 Be4+ 35. Rxe4 Rxe4 36. Ne3 Rxe3 37. Qxe3 Rh2+ 38. Kf1 Rh1+ 39. Ke2
Rxa1 40. Qb3 Qh2+ 41. Ke3 Qf4+ 42. Ke2 Qf1+ 43. Kd2 Qe1+ 44. Kd3 Rxa3 0-1